000 00659nam a2200217 4500
008 b xx# eng u
010 _a46171
020 _a9264145486
020 _a9789264145481
040 _aLB-BrCRDP
082 _a373.44/O68s
100 1 _aO.C.D.E. Organisation de coopération et de développement économiques. C.R.I.E. (Paris, France)
130 0 _lEN
245 1 0 _aSecondary education in France
_ba decade of change
_cO.C.D.E.
260 _aParis
_cc1995
300 _a64p. ;
_c27 cm
500 _aBibliography at the end.
650 _aEducation, Secondary
_xFrance
942 _cBK
999 _c11110
_d11110